Efectos del sexo y la edad sobre el afrontamiento y el bienestar subjetivo en adolescentes escolares (Record no. 196110)

MARC details
000 -CABECERA
campo de control de longitud fija 02016nab a2200313 a 4500
005 - FECHA Y HORA DE LA ÚLTIMA TRANSACCIÓN
campo de control 20210219163512.0
008 - ELEMENTOS DE LONGITUD FIJA--INFORMACIÓN GENERAL
campo de control de longitud fija 991125s1985 mx 000 0 spa u
035 ## - NÚMERO DE CONTROL DEL SISTEMA
Número de control de sistema UPN01000224013
049 ## - COLECCIÓN
Colección ART
100 1# - ASIENTO PRINCIPAL--NOMBRE PERSONAL
Nombre de persona Rivas Miranda, Diego Josafat
100 1# - ASIENTO PRINCIPAL--NOMBRE PERSONAL
Filiación djrm_unam@hotmail.com
100 1# - ASIENTO PRINCIPAL--NOMBRE PERSONAL
Nombre de persona López García, Dulce Alejandra
100 1# - ASIENTO PRINCIPAL--NOMBRE PERSONAL
Filiación dulale93@gmail.com
100 1# - ASIENTO PRINCIPAL--NOMBRE PERSONAL
Nombre de persona Barcelata Eguiarte, Blanca Estela
100 1# - ASIENTO PRINCIPAL--NOMBRE PERSONAL
Filiación bareg7@hotmail.com
222 #0 - TÍTULO CLAVE
Título clave ENSEÑANZA E INVESTIGACION EN PSICOLOGIA
245 00 - MENCIÓN DE TÍTULO
Título Efectos del sexo y la edad sobre el afrontamiento y el bienestar subjetivo en adolescentes escolares
260 ## - PUBLICACIÓN, DISTRIBUCIÓN, ETC.
Lugar de publicación, distribución, etc. Jalapa, Veracruz
300 ## - DESCRIPCIÓN FÍSICA
Extensión 27-41
362 0# - FECHAS DE PUBLICACIÓN Y/O DESIGNACIÓN SECUENCIAL
Fecha de publicación y/o designación secuencial 2017 Volumen 22, número 1, enero-abril
520 3# - NOTA DE RESUMEN, ETC.
Sumario, etc. Este estudio analizó la influencia del sexo y la edad en el afrontamiento y el bienestar subjetivo y su posible interrelación en adolescentes, pues ambos pueden ser indicadores de su desarrollo positivo. Participaron 559 adolescentes de 13 a 18 años, de secundaria y bachillerato, quienes completaron la Cédula Sociodemográfica del Adolescente y su Familia, la Escala de Afrontamiento para Adolescentes y la Escala Multidimensional para la Medición del Bienestar Subjetivo. Los análisis multivariados indicaron efectos principales del sexo y la edad sobre el afrontamiento y el bienestar subjetivo, sin efectos significativos de su interacción. Se encontraron relaciones positivas entre el afrontamiento productivo con la satisfacción vital y las emociones positivas, así como correlaciones negativas con los afectos negativos en frecuencia y en intensidad de ocurrencia. Estos resultados muestran la importancia de fortalecer el afrontamiento productivo con base en su relación positiva con el bienestar subjetivo
653 0# - TERMINO DE INDIZACION - NO CONTROLADO
Término no controlado ADOLESCENTES
653 0# - TERMINO DE INDIZACION - NO CONTROLADO
Término no controlado BIENESTAR SUBJETIVO
653 0# - TERMINO DE INDIZACION - NO CONTROLADO
Término no controlado AFRONTAMIENTO
653 0# - TERMINO DE INDIZACION - NO CONTROLADO
Término no controlado SALUD MENTAL
653 0# - TERMINO DE INDIZACION - NO CONTROLADO
Término no controlado CIUDAD DE MEXICO
856 4# - LOCALIZACIÓN Y ACCESO ELECTRÓNICOS
Identificador Uniforme del Recurso <a href="http://www.redalyc.org/articulo.oa?id=29251161003">http://www.redalyc.org/articulo.oa?id=29251161003</a>
905 ## - TIPO DE MATERIAL
Tipo de material Articulo

No items available.